Estrategias didácticas para favorecer la comprensión de problemas por el mal uso del agua en los alumnos de sexto grado / (Record no. 21867)
[ view plain ]
| 000 -CABECERA | |
|---|---|
| campo de control de longitud fija | 00848nam a2200217 a 4500 |
| 005 - FECHA Y HORA DE LA ÚLTIMA TRANSACCIÓN | |
| campo de control | 20250701063840.0 |
| 008 - ELEMENTOS DE LONGITUD FIJA--INFORMACIÓN GENERAL | |
| campo de control de longitud fija | 991125s1997 mx 000 0 spa u |
| 035 ## - NÚMERO DE CONTROL DEL SISTEMA | |
| Número de control de sistema | UPN01000021867 |
| 049 ## - COLECCIÓN | |
| Colección | TES |
| 099 ## - CLASIFICACIÓN LOCAL | |
| Clasificación local | 13744 |
| 100 1# - ASIENTO PRINCIPAL--NOMBRE PERSONAL | |
| Nombre de persona | Varela Montes, Graciela |
| 245 10 - MENCIÓN DE TÍTULO | |
| Título | Estrategias didácticas para favorecer la comprensión de problemas por el mal uso del agua en los alumnos de sexto grado / |
| Mención de responsabilidad, etc. | Graciela Varela Montes. |
| 260 ## - PUBLICACIÓN, DISTRIBUCIÓN, ETC. | |
| Lugar de publicación, distribución, etc. | Chihuahua : |
| Nombre del editor, distribuidor, etc. | G. Varela Montes, |
| Fecha de publicación, distribución, etc. | 1997. |
| 300 ## - DESCRIPCIÓN FÍSICA | |
| Extensión | 65, [5] h. |
| 500 ## - NOTA GENERAL | |
| Nota general | "Unidad 081" |
| 502 ## - NOTA DE TESIS | |
| Nota de tesis | Propuesta pedagógica (Lic. en Educación Primaria) -- Universidad Pedagógica Nacional, 1997 |
| 650 #2 - ASIENTO SECUNDARIO DE MATERIA - TERMINO TEMATICO | |
| Término de materia o nombre geográfico como elemento de entrada | Agua |
| Subdivisión general | Conservación |
| 9 (RLIN) | 1024 |
| 650 #4 - ASIENTO SECUNDARIO DE MATERIA - TERMINO TEMATICO | |
| Término de materia o nombre geográfico como elemento de entrada | Educación ambiental |
| Subdivisión general | Estudio y enseñanza (Elemental) |
| 9 (RLIN) | 9202 |
| 710 2# - ASIENTO SECUNDARIO - NOMBRE CORPORATIVO | |
| Nombre de entidad corporativa o nombre de jurisdicción como elemento de entrada | Universidad Pedagógica Nacional (México). |
| Unidad subordinada | Unidad 081 |
| 905 ## - TIPO DE MATERIAL | |
| Tipo de material | Tesis |
| Estado de retiro | Estado de pérdida | Fuente del sistema de clasificación o colocación | Estado dañado | No para préstamo | Código de colección | Localización permanente | Ubicación/localización actual | Ubicación en estantería | Fecha de adquisición | Clasificación | Código de barras | Fecha visto por última vez | Número de copia | Tipo de ítem Koha |
|---|---|---|---|---|---|---|---|---|---|---|---|---|---|---|
| Library of Congress Classification | Disponible (Préstamo en sala) | Tesis impresas | Bib. Gregorio Torres Quintero | Bib. Gregorio Torres Quintero | Planta alta Repositorios y acceso abierto | 23/02/2023 | 13744 | 148197 | 31/12/2020 | 1 | Libro |
